| 000 | 00873nas a22002417a 4500 | ||
|---|---|---|---|
| 001 | K121140 | ||
| 007 | ta | ||
| 008 | 191021b2019 ||||| |||| 00| 0 eng d | ||
| 041 | _aeng | ||
| 100 | _aWilson, Robyn | ||
| 245 | _aBurning issue | ||
| 260 | _c2019 | ||
| 490 |
_aModus _vJune 2019, 12-17(6) |
||
| 520 | _aDiscusses the inconsistencies in building and fire safety standards which have emerged since the Grenfell Fire and the work that the International Fire Safety Standards (IFSS) Coalition is doing to harmonise them. Includes an infographic showing the inequalities in fire related deaths around the world. | ||
| 650 | _aFIRE | ||
| 650 | _aGRENFELL FIRE | ||
| 650 | _aFIRE SAFETY | ||
| 650 | _aINTERNATIONAL FIRE SAFETY STANDARDS COALITION | ||
| 650 | _aIFFS | ||
| 650 | _aSTANDARDS | ||
| 651 | _aUnited Kingdom | ||
| 690 |
_96244 _aHealth and safety |
||
| 999 |
_c121140 _d121140 |
||